| Tag |
First Indicator |
Second Indicator |
Subfields |
| LEADER |
00000cam a2200000I 4500 |
| 001 |
in00002783639 |
| 005 |
20151202171832.0 |
| 008 |
780125s1965 dcuab b f000 0 eng |
| 010 |
|
|
|a gs 65000330
|
| 035 |
|
|
|a (OCoLC)ocm03580405
|
| 035 |
|
|
|a (OCoLC)3580405
|
| 040 |
|
|
|a DLC
|c CSU
|d IAS
|d OCL
|d OCLCQ
|d UV$
|d OCLCG
|d OCLCQ
|d NRU
|d UtOrBLW
|
| 043 |
|
|
|a n-us-ca
|
| 049 |
|
|
|a TXAM
|
| 050 |
0 |
4 |
|a QE75
|b .P9 no.470
|
| 082 |
0 |
4 |
|a 557.3
|b U58p no. 470
|
| 086 |
0 |
|
|a I 19.16:470
|
| 100 |
1 |
|
|a Bateman, Paul C.,
|d 1910-2007.
|
| 245 |
1 |
0 |
|a Geology and tungsten mineralization of the Bishop district, California /
|c by Paul C. Bateman. With a section on Gravity study of Owens Valley, by L.C. Pakiser and M.F. Kane and a section on Seismic profile, by L.C. Pakiser.
|
| 264 |
|
1 |
|a Washington :
|b U.S. Govt. Print. Off,
|c 1965.
|
| 300 |
|
|
|a 208 pages :
|b illustrations, maps and portfolio (illustrations, maps 9 folded color) ;
|c 29 cm.
|
| 336 |
|
|
|a text
|b txt
|2 rdacontent
|
| 337 |
|
|
|a unmediated
|b n
|2 rdamedia
|
| 338 |
|
|
|a volume
|b nc
|2 rdacarrier
|
| 490 |
1 |
|
|a Geological Survey (U.S.). Professional paper ;
|v 470
|
| 500 |
|
|
|a Prepared in cooperation with the State of California, Dept. of Conservation, Division of Mines and Geology.
|
| 504 |
|
|
|a Bibliography: pages 201-204.
|
| 505 |
0 |
|
|a Geology and tungsten mineralization of the Bishop district, California / Paul C. Bateman -- Gravity study of Owens Valley / L.C. Pakiser and M.F. Kane -- Seismic profile / L.C. Pakiser.
|
| 650 |
|
0 |
|a Geology
|z California
|z Bishop Region.
|
| 650 |
|
0 |
|a Tungsten ores
|z California
|z Bishop Region.
|
| 700 |
1 |
|
|a Pakiser, L. C.
|q (Louis Charles),
|d 1919-
|t Gravity study of Owens Valley.
|
| 700 |
1 |
|
|a Kane, Martin Francis,
|d 1928-
|t Gravity study of Owens Valley.
|
| 710 |
1 |
|
|a California.
|b Division of Mines and Geology.
|
| 830 |
|
0 |
|a Professional paper (Geological Survey (U.S.)) ;
|v 470.
|
| 948 |
|
|
|a cataloged
|b h
|c 2012/12/13
|d c
|e mvaldespin
|f 10:19:39 am
|
| 994 |
|
|
|a C0
|b TXA
|
| 999 |
|
|
|a MARS
|
| 999 |
f |
f |
|s b56f7d51-d92b-3e9e-8961-4918bbd6d48b
|i 9ecbf5a1-ba28-3d6c-a7e8-e0aa708822ce
|t 0
|
| 952 |
f |
f |
|p normal
|a Texas A&M University
|b College Station
|c Sterling C. Evans Library
|d Evans: US Documents (Annex 5th floor)
|t 0
|e I 19.16:469-472
|h Superintendent of Documents classification
|i unmediated -- volume
|m A14812839381
|
| 952 |
f |
f |
|a Texas A&M University
|b College Station
|c Sterling C. Evans Library
|d Evans: US Documents (Annex 5th floor)
|t 0
|e I 19.16:469-472
|h Superintendent of Documents classification
|
| 998 |
f |
f |
|a I 19.16:469-472
|t 0
|l Evans: US Documents (Annex 5th floor)
|